| 000 | 01600nam0a2200361 4500 | ||
|---|---|---|---|
| 001 | RU\NLR\bibl\1067896 | ||
| 005 | 20250615042437.0 | ||
| 010 |
_a5-18-000965-0 _915000 |
||
| 021 |
_aRU _b2007-10816 _9579 |
||
| 035 | _a(nilc)RSL-KNO-003048644 | ||
| 035 | _a(NLR Aleph) 001055144 | ||
| 090 |
_a903416 _c903416 |
||
| 100 | _a20070301d2007 |||y0rusy50 ca | ||
| 101 | 1 |
_arus _cfre |
|
| 102 | _aRU | ||
| 105 | _aa ||||||||| | ||
| 106 | _ar | ||
| 200 | 1 |
_aГеографические открытия _e[для детей среднего школьного возраста _fавт. текста С. Дерэм _gпер. с фр.: И. Петровская] |
|
| 210 |
_aМосква _cМахаон _d2007 |
||
| 215 |
_a125 с. _cцв. ил., карт. _d24 |
||
| 225 | 1 | _aДетская энциклопедия "Махаон" | |
| 610 | 0 | _aНауки о Земле (геодезические, геофизические, геологические и географические науки) -- Географические науки -- История географии и географических открытий -- Учебник для средней общеобразовательной школы | |
| 686 |
_aД8г.я721-1 _2rubbk |
||
| 686 |
_aШ9 _bД8г |
||
| 702 | 1 |
_4220 _7ca _8rus _aДерэм _bС. _gСильви _9235164 _3RU\NLR\AUTH\770235220 |
|
| 801 | 0 |
_aRU _bРКП _c20070301 |
|
| 801 | 1 |
_aRU _bРГБ _c20070301 |
|
| 801 | 2 |
_aRU _bNLR _c20070403 _grcr |
|
| 942 | _cBOOK | ||
| 980 | _aNB | ||